Groups of Things - Spiderweb Software Games - Statistics

General Stats
  • This quiz has been taken 5 times
  • The average score is 24 of 47
Answer Stats
Hint Answer % Correct
Playable Races in Avernum Human
100%
Playable Races in Avernum Nephilim
75%
Playable Races in Avernum Slithzerikai
75%
Playable Classes in Geneforge 1 Agent
50%
Plagues in Avernum 3 Alien Beasts
50%
Cities of Avernum Almaria
50%
Dragons of Avernum Athrom
50%
Classes of Creations in Geneforge Battle creations
50%
Parts of Demonslayer in Avernum 1 Blade
50%
Playable Classes in the Avadon Blademaster
50%
Cities of Avernum Blosk
50%
Empire Passes in Avernum 2 Blue
50%
Playable views in Nethergate Celts
50%
Cities of Avernum Cotra
50%
Main Quests of Avernum 2 Destroy Garzahd
50%
Main Quests of Avernum 2 Destroy the Empire Portal
50%
Cities of Avernum Dharmon
50%
Classes of Creations in Geneforge Fire creations
50%
Cities of Avernum Formello
50%
Plagues in Avernum 3 Giants
50%
Plagues in Avernum 3 Golems
50%
Empire Passes in Avernum 2 Gray
50%
Playable Classes in Geneforge 1 Guardian
50%
Emperors in Avernum Series Hawthorne
50%
Parts of Demonslayer in Avernum 1 Hilt
50%
Dragons of Avernum Koth
50%
Classes of Creations in Geneforge Magic creations
50%
Dragons of Avernum Motrax
50%
Geneforge 1 Factions Obeyers
50%
Emperors in Avernum Series Prazac
50%
Dragons of Avernum Pyrog
50%
Main Quests of Avernum 2 Recover Three Crystal Souls
50%
Empire Passes in Avernum 2 Red
50%
Plagues in Avernum 3 Roaches
50%
Playable views in Nethergate Romans
50%
Playable Classes in the Avadon Shadowwalker
50%
Playable Classes in the Avadon Shaman
50%
Playable Classes in Geneforge 1 Shaper
50%
Cities of Avernum Silvar
50%
Plagues in Avernum 3 Slimes
50%
Playable Classes in the Avadon Sorcerer
50%
Dragons of Avernum Sulfras
50%
Geneforge 1 Factions Takers
50%
Playable Classes in the Avadon Tinkermage
50%
Parts of Demonslayer in Avernum 1 Tip
50%
Plagues in Avernum 3 Troglodytes
50%
Geneforge 1 Factions Awakened
25%
No matching quizzes found
Score Distribution
Percent of People with Each Score
Percentile by Number Answered
Your Score History
You have not taken this quiz